000 00206nam a22000977a 4500
003 SGT
245 _aProceedings Mathematical Sciences
260 _bSpringer publisher
_c2018
300 _a600
942 _2ddc
_cBV
999 _c29097
_d29097